K přípravě zákona o komoditních agrárních burzách.
Význam komoditných agrárnych búrz pre vyrovnanie ponuky a dopytu a pre cenovú stabilizáciu. Východiská právnej úpravy komoditných agrárnych búrz. Poňatie agrárnej komoditnej burzy v návrhu zákona o týchto burzách. Súkromno-právny charakter burzy. Vznik, organizácia a zánik burzy. Burzové obchody a i...
Salvato in:
| Autore principale: | |
|---|---|
| Natura: | Capitolo di libro |
| Lingua: | ceco |
| Soggetti: | |
| Tags: |
Nessun Tag, puoi essere il primo ad aggiungerne!!
|
MARC
| LEADER | 00000naa a2200000 4500 | ||
|---|---|---|---|
| 001 | r010000 | ||
| 005 | 20220831083320.0 | ||
| 041 | 0 | |a cze | |
| 044 | |a [CS] | ||
| 245 | 1 | 0 | |a K přípravě zákona o komoditních agrárních burzách. |c J. Dědič |
| 520 | |a Význam komoditných agrárnych búrz pre vyrovnanie ponuky a dopytu a pre cenovú stabilizáciu. Východiská právnej úpravy komoditných agrárnych búrz. Poňatie agrárnej komoditnej burzy v návrhu zákona o týchto burzách. Súkromno-právny charakter burzy. Vznik, organizácia a zánik burzy. Burzové obchody a ich sprostredkovanie. Spory z burzových obchodov a dohľad nad burzami. | ||
| 610 | 2 | 0 | |a poľnohospodárstvo |
| 610 | 2 | 0 | |a burzy komoditné |
| 610 | 2 | 0 | |a dopyt |
| 610 | 2 | 0 | |a ponuka |
| 610 | 2 | 0 | |a obchody burzové |
| 610 | 2 | 0 | |a zákony |
| 100 | 1 | |a Dědič, J. | |